Трубопроводная арматура во внутренних системах жилых и общественных зданий (Запись № 9745755)

Подробности
000 -МАРКЕР
контрольное поле 02161nam0a2200349 i 4500
001 - ИДЕНТИФИКАТОР ЗАПИСИ
контрольное поле RU\NLR\BIBL_A\010409120
005 - ИДЕНТИФИКАТОР ВЕРСИИ
контрольное поле 20241114230058.0
010 ## - МЕЖДУНАРОДНЫЙ СТАНДАРТНЫЙ НОМЕР КНИГИ (ISBN)
Номер (ISBN) 9785782904470
Тираж 100
021 ## - НОМЕР ГОСУДАРСТВЕННОЙ РЕГИСТРАЦИИ
Код страны Российская Федерация
Номер 2014-29380
Номер Листа государственной регистраци 1806
035 ## - ДРУГИЕ СИСТЕМНЫЕ НОМЕРА
Идентификатор записи (NLR Aleph) 010409120
100 ## - ДАННЫЕ ОБЩЕЙ ОБРАБОТКИ
Данные общей обработки 20140626d2013 u y0rusy50 ca
101 0# - ЯЗЫК РЕСУРСА
Язык текста, звукозаписи и т.д. русский
102 ## - СТРАНА ПУБЛИКАЦИИ ИЛИ ПРОИЗВОДСТВА
Страна публикации Российская Федерация
105 ## - ПОЛЕ КОДИРОВАННЫХ ДАННЫХ: ТЕКСТОВЫЕ МАТЕРИАЛЫ, МОНОГРАФИЧЕСКИЕ
Кодированные данные о монографическом текстовом документе a|||j|||000yy
200 1# - ЗАГЛАВИЕ И СВЕДЕНИЯ ОБ ОТВЕТСТВЕННОСТИ
Основное заглавие Трубопроводная арматура во внутренних системах жилых и общественных зданий
Сведения, относящиеся к заглавию учебное пособие
-- [для студентов направления 270800.62 "Строительство"]
Первые сведения об ответственности А. Б. Адельшин, Л.Р. Хисамеева, А.Х. Низамова, А.А. Хамидуллина
Последующие сведения об ответственности М-во образования и науки Рос. Федерации, Каз. гос. арх.-строит. ун-т
210 ## - ПУБЛИКАЦИЯ, РАСПРОСТРАНЕНИЕ И ДР.
Место издания, распространения и т.д. Казань
Имя издателя, распространителя и т. д. Изд-во Казанского государственного архитектурно-строительного университета
Дата издания, распространения и т.д. 2013
215 ## - ФИЗИЧЕСКАЯ ХАРАКТЕРИСТИКА
Специфическое обозначение материала и объем 133 с.
Другие сведения о физической характеристике ил.
Размеры 21
320 ## - ПРИМЕЧАНИЯ О НАЛИЧИИ В ДОКУМЕНТЕ БИБЛИОГРАФИИ / УКАЗАТЕЛЯ
Текст примечания Библиогр.: с. 97 (18) назв.
606 ## - НАИМЕНОВАНИЕ ТЕМЫ КАК ПРЕДМЕТ
Наименование темы Водопроводная арматура
Формальный подзаголовок Учебные издания для высших учебных заведений
Системный номер авторитетной/нормативной записи 1015384
Идентификатор авторитетной/нормативной записи RU\NLR\AUTH\6669509
606 ## - НАИМЕНОВАНИЕ ТЕМЫ КАК ПРЕДМЕТ
Наименование темы Водоснабжение горячее
Формальный подзаголовок Учебные издания для высших учебных заведений
Тематический подзаголовок Оборудование
Системный номер авторитетной/нормативной записи 2602666
Идентификатор авторитетной/нормативной записи RU\NLR\AUTH\661539224
606 ## - НАИМЕНОВАНИЕ ТЕМЫ КАК ПРЕДМЕТ
Наименование темы Водопроводные сети внутренние
Формальный подзаголовок Учебные издания для высших учебных заведений
Системный номер авторитетной/нормативной записи 2604895
Идентификатор авторитетной/нормативной записи RU\NLR\AUTH\661541453
686 1# - ИНДЕКСЫ ДРУГИХ КЛАССИФИКАЦИЙ
Индекс Н761.1я73-1
686 1# - ИНДЕКСЫ ДРУГИХ КЛАССИФИКАЦИЙ
Индекс Н765.08я73-1
701 #1 - ИМЯ ЛИЦА - АЛЬТЕРНАТИВНАЯ ОТВЕТСТВЕННОСТЬ
Начальный элемент ввода Адельшин
Часть имени, кроме начального элемента ввода А.Б.
Даты 1937-
Расширение инициалов личного имени Азат Билялович
701 #1 - ИМЯ ЛИЦА - АЛЬТЕРНАТИВНАЯ ОТВЕТСТВЕННОСТЬ
Начальный элемент ввода Хисамеева
Часть имени, кроме начального элемента ввода Л. Р.
Расширение инициалов личного имени Лилия Рахимзяновна
701 #1 - ИМЯ ЛИЦА - АЛЬТЕРНАТИВНАЯ ОТВЕТСТВЕННОСТЬ
Начальный элемент ввода Хамидуллина
Часть имени, кроме начального элемента ввода А. А.
Расширение инициалов личного имени Алсу Абриковна
701 #1 - ИМЯ ЛИЦА - АЛЬТЕРНАТИВНАЯ ОТВЕТСТВЕННОСТЬ
Начальный элемент ввода Низамова
Часть имени, кроме начального элемента ввода А. Х.
Расширение инициалов личного имени Аида Ханифовна
942 ## - ДОПОЛНИТЕЛЬНЫЕ ЭЛЕМЕНТЫ ЗАПИСИ (АБИС)
Тип экземпляра АБИС Книга
980 ## - КОЛЛЕКЦИЯ
Название коллекции НБР

Нет доступных экземпляров.